Responses for Show #7745 - Friday, April 20, 2018

2018 College Championship final game 2.
During Final Jeopardy!, the scores from the previous day of the tournament are shown on the players' lecterns.

Contestants

[<< previous game]

Dhruv Gaur, a freshman at Brown University from Gainesville, Georgia (subtotal of $9,000)

Hannah Sage, a sophomore at the University of Central Florida from Sarasota, Florida (subtotal of $7,600)

William Scott, a freshman at Tufts University from Los Altos, California (subtotal of $0)

[next game >>]

Jeopardy! Round responses

21st CENTURY OPERAS
INTERNET SLANG
U.S. FORESTS
ELITE ATHLETES
GOVERNMENT & POLITICS
SINGULARIZE IT!
    $200 17
a divorce

Hannah
    $200 28
goals

Hannah
    $200 22
a lighthouse

Dhruv
    $200 23
Serena Williams

William
    $200 1
minimum

Dhruv
    $400 18
the Wall

Hannah
    $400 26
direct message

William
    $400 20
Utah

William
    $400 10
(Usain) Bolt

William
    $400 29
[The end-of-round signal sounds.]

Prohibition

William
    $400 11
fungus

William
    $600 19
the Negro Leagues

Dhruv
    $600 25
a Dumpster fire

Dhruv
    $600 3
a glacier

William
    $600 4
Rob Gronkowski

Dhruv
    $600 27
Gorsuch

Dhruv
    $600 12
die

William
    $800 21
(Dylan) Thomas

Dhruv
    $800 5
(William: What are the deets?)

receipts

WilliamDhruv
    $800 9
(Hannah: What are salmon?)

trout

WilliamHannah
    $800 2
(Kate) Upton

Dhruv
    $800 16
Jefferson Davis

William
    $800 14
genus

Dhruv
    $1000 24
(Alex: We have less than a minute to go.)

the Minotaur

Hannah
    $1000 13
a unicorn

Hannah
    $2,400 6
birch

Dhruv
    $1000 8
the New York Knicks

Dhruv
    $1000 7
(Hannah: What is the Whig Party?)

the Know-Nothing Party

WilliamHannah
    $1000 15
sphinx

Dhruv

Scores at the first commercial break (after clue 15):

William Hannah Dhruv
$3,000 -$800 $7,600

Scores at the end of the Jeopardy! Round:

William Hannah Dhruv
$5,200 $1,000 $10,400

Double Jeopardy! Round responses

WORLD GEOGRAPHY
HEALTH & MEDICINE
I'M KIND OF A "BIG" DEAL
SUMMER JOB IDEAS
EXPLORERS
BEFORE & AFTER
    $400 24
Quebec

William
    $400 1
allergies

Hannah
    $400 22
The Big Bang Theory

William
    $400 30
Reagan

Dhruv
    $400 29
Columbus

William
    $400 28
Stuart Little Dipper

William
    $800 23
Finland

Hannah
    $800 2
hyperactivity

Dhruv
    $800 21
The Big Short

Hannah
    $800 27
a projectionist

Triple Stumper
    $600 20
(Dhruv: What is an orangutan?)

a gorilla

Dhruv
    $800 19
seventh day care centers

Triple Stumper
    $1200 13
Tierra del Fuego

William
    $1200 10
(William: What is a migraine?)

a sinus headache

WilliamDhruv
    $1200 16
Big Brother

William
    $1200 4
(William: What is wheat?)

corn

WilliamDhruv
    $1200 18
Cook

Dhruv
    $1200 25
belly Dancing with the Stars

William
    $1600 11
Florence

William
    $1600 9
(William: What is cancer?)
(Alex: Be more specific.)
(William: What is lung cancer?)

skin cancer

WilliamHannah
    $1600 3
the Big Band era

Dhruv
    $1600 26
Postmates

Triple Stumper
    $1600 17
(Vitus) Bering

William
    $1600 7
Secreatry General anesthesia

William
    $6,400 12
(William: What is Switzerland?)

Australia

William
    $2000 6
herpes simplex virus

William
    $2000 15
Big Sean (Anderson)

William
    $2000 14
Huntsville

Dhruv
    $2000 5
(Dhruv: Who is Amundsen?)

Robert Peary

Dhruv
Triple Stumper
    $2000 8
black-eyed Susan B. Anthony

Dhruv

Scores at the end of the Double Jeopardy! Round:

William Hannah Dhruv
$8,800 $4,600 $18,200
(lock tournament)

[wagering suggestions for these scores]

Final Jeopardy! Round responses

CLASSIC LITERARY CHARACTERS
HannahWho is Don Quixote
$4,600
WilliamWho is Don Quixote?
$8,001
DhruvWho That's All, Folks! ☺
$19
Don Quixote de la Mancha

Final scores:

William Hannah Dhruv
$16,801 $9,200 $18,181

Cumulative scores:

William Hannah Dhruv
$16,801 $16,800 $27,181
1st runner-up: $50,000 2nd runner-up: $25,000 Tournament champion: $100,000

Game dynamics:

Coryat scores:

William Hannah Dhruv
$15,200 $4,600 $17,400
23 R,
5 W
(including 1 DD)
9 R,
2 W
21 R
(including 1 DD),
2 W
(including 1 DD)

Combined Coryat: $37,200

[game clues] [game scores] [suggest correction]

Game tape date: 2018-03-13
The J! Archive is created by fans, for fans. Scraping, republication, monetization, and malicious use prohibited; this site may use cookies and collect identifying information. See terms. The Jeopardy! game show and all elements thereof, including but not limited to copyright and trademark thereto, are the property of Jeopardy Productions, Inc. and are protected under law. This website is not affiliated with, sponsored by, or operated by Jeopardy Productions, Inc. Join the discussion at JBoard.tv.